[Event "Nuoro Olbia Oristano Province-ch"]
[Site "Siniscola"]
[Date "2015.02.14"]
[Round "4"]
[White "Moro, Gabriel"]
[Black "Telch, Ettore"]
[Result "1-0"]
[WhiteElo "1479"]
[BlackElo "1440"]
[PlyCount "55"]
[EventDate "2015.02.07"]
[EventType "swiss"]
[EventRounds "7"]
[EventCountry "ITA"]
[SourceTitle "EXT 2017"]
[Source "ChessBase"]
[SourceDate "2016.10.25"]
[SourceVersion "1"]
[SourceVersionDate "2016.10.25"]
[SourceQuality "1"]

1. c4 Nf6 2. Nf3 g6 3. d4 Bg7 4. g3 0-0 5. Nc3 d6 6. Bg2 c6 7. e4 Nbd7 8. 0-0 a6 9. b4 b5 10. c5 d5 11. e5 Ne4 12. Nxe4 dxe4 13. Ng5 f6 14. Ne6 Qe8 15. Nc7 Qf7 16. Nxa8 Rd8 17. Nc7 Nxe5 18. Bxe4 Bb7 19. Qb3 Nc4 20. Be3 Rd7 21. Nxa6 Bxa6 22. Bxc6 Rd8 23. a4 Rb8 24. axb5 Bb7 25. Bxb7 Rxb7 26. Ra8+ Bf8 27. Bh6 g5 28. Qxc4 1-0